Ética y cambio climático

שמור ב:
מידע ביבליוגרפי
מחבר ראשי: Velayos, Carmen
פורמט: ספר
שפה:Undetermined
יצא לאור: España Desclèe De Brouwer S.A. 2008
נושאים:
תגים: הוספת תג
אין תגיות, היה/י הראשונ/ה לתייג את הרשומה!

MARC

LEADER 00000nam a2200000Ia 4500
008 170316s9999 xx 000 0 und d
090 |a 100 V-5.2e 
100 |a Velayos, Carmen 
245 |a Ética y cambio climático 
260 |a España 
260 |b Desclèe De Brouwer S.A. 
260 |c 2008 
300 |a 158 páginas 
650 |a FILOSOFÍA 
650 |a ÉTICA 
650 |a CAMBIO CLIMÁTICO 
650 |a ECOÉTICA 
650 |a SER HUMANO 
999 |c 17889  |d 17889 
040 |a cru BVZT 
942 |c 15 D  |h 100 V-5.2e  |2 z